Tilastot visalle Valtiot, joilla on pisimmät suurnopeusraideverkostot

Klikkaa tästä pelataksesi tätä visaa!

Yleistilastot

  • Tätä visaa on pelattu 278 kertaa
  • Keskiarvotulos 16 / 20

Vastaustilastot

Verkoston pituusValtio% Oikein
45 000 kmKiina
99%
2 727 kmJapani
98%
3 521 kmSaksa
98%
3 977 kmRanska
97%
735 kmYhdysvallat
97%
650 kmVenäjä
96%
4 327 kmEspanja
94%
860 kmRuotsi
94%
224 kmPuola
93%
2 020 kmItalia
92%
1 120 kmSuomi
92%
1,927 km
Yhdistynyt
kuningaskunta
87%
1 282 kmEtelä-Korea
80%
254 kmItävalta
78%
227 kmPortugali
75%
1 313 kmTurkki
71%
700 kmKreikka
69%
449 kmSaudi-Arabia
50%
332 kmTaiwan
44%
741 kmUzbekistan
13%

Tulosjakauma

Persentiili vastausten määrän mukaan

Jokaisen tuloksen saaneiden osuus

Tuloshistoriasi

Et ole pelannut tätä visaa